| 000 | 00546nam a2200205Ia 4500 | ||
|---|---|---|---|
| 008 | 170918s9999 xx 000 0 und d | ||
| 020 | _a9780590488815 | ||
| 050 | _bH848 1991 | ||
| 100 | _aHoward, Elizabeth Fitzgerald | ||
| 245 | _aAunt Flossie's hats : | ||
| 245 | _band crab cakes later / | ||
| 245 | _cElizabeth Fitzgerald Howard ; paintings by James Ransome. | ||
| 260 | _aNew York : | ||
| 260 | _bScholastic, | ||
| 260 | _c1991 | ||
| 300 | _a31 pages : | ||
| 300 | _bcolored illustration ; | ||
| 300 | _c29cm. | ||
| 500 | _a400 | ||
| 999 |
_c341333 _d341333 |
||